| 000 | 00575nam a2200193 a 4500 | ||
|---|---|---|---|
| 005 | 20140311163028.0 | ||
| 008 | 090807s19uu xx 00 eng d | ||
| 020 | _a0071475915 | ||
| 050 |
_aHF 5382.75.U6 _b.P483 2006 |
||
| 100 | _aPierson, Orville | ||
| 245 |
_aThe unwritten rules of the highly effective job search / _cOrville Pierson |
||
| 260 |
_aNew York : _bMcGraw-Hill, _c2006. |
||
| 300 |
_a280 p. : _c24 cm. |
||
| 521 | _aBSBA | ||
| 650 |
_aJob hunting _xUnited States. |
||
| 650 |
_aCarrer changes _xUnited States. |
||
| 942 |
_cBK _2lcc _kFOR |
||
| 999 |
_c39589 _d39589 |
||